000 00474nam a2200169Ia 4500
008 131103s9999 xx 000 0 und d
040 _aLoreto College
041 _aEnglish
082 _a821/WOR
_bLCBkB/E319
100 _aWordsworth
245 _aPoetry & prose
_b with essays by Coleridge Hazlitt De Quincey
_cWordsworth
260 _aOxford
_bClarendon
_c1960
300 _axviii, 212p.
_c 19cm.
650 _aEnglish poetry
850 _aLCBkB/821/WOR
942 _cBK
999 _c35739
_d86218